|
|
|
|
| LEADER |
02264nam a22005055i 4500 |
| 001 |
978-0-387-33536-0 |
| 003 |
DE-He213 |
| 005 |
20151204171912.0 |
| 007 |
cr nn 008mamaa |
| 008 |
100301s2006 xxu| s |||| 0|eng d |
| 020 |
|
|
|a 9780387335360
|9 978-0-387-33536-0
|
| 024 |
7 |
|
|a 10.1007/978-0-387-33536-0
|2 doi
|
| 040 |
|
|
|d GrThAP
|
| 050 |
|
4 |
|a RJ1-570
|
| 072 |
|
7 |
|a MJW
|2 bicssc
|
| 072 |
|
7 |
|a MED069000
|2 bisacsh
|
| 082 |
0 |
4 |
|a 618.92
|2 23
|
| 245 |
1 |
0 |
|a Management of Prader-Willi Syndrome
|h [electronic resource] /
|c edited by Merlin G. Butler, Phillip D. K. Lee, Barbara Y. Whitman.
|
| 250 |
|
|
|a Third Edition.
|
| 264 |
|
1 |
|a New York, NY :
|b Springer New York,
|c 2006.
|
| 300 |
|
|
|a XXIII, 550 p. 136 illus., 11 illus. in color.
|b online resource.
|
| 336 |
|
|
|a text
|b txt
|2 rdacontent
|
| 337 |
|
|
|a computer
|b c
|2 rdamedia
|
| 338 |
|
|
|a online resource
|b cr
|2 rdacarrier
|
| 347 |
|
|
|a text file
|b PDF
|2 rda
|
| 520 |
|
|
|a Management of Prader-Willi Syndrome brings together the contributions of professionals with considerable expertise in diagnosis and management of PWS. Clinical, social, family, and community issues are explored and management strategies identified. The text presents historical, medical, and genetic information to orient the reader. The major portion deals with pragmatic guidelines, rather than research and diagnosis, and is directed to health and educational specialists in academic, clinical, and community settings. This manual is endorsed by The Prader-Willi Syndrome Association, which is recognized world-wide.
|
| 650 |
|
0 |
|a Medicine.
|
| 650 |
|
0 |
|a Human genetics.
|
| 650 |
|
0 |
|a Endocrinology.
|
| 650 |
|
0 |
|a Pediatrics.
|
| 650 |
|
0 |
|a Clinical psychology.
|
| 650 |
1 |
4 |
|a Medicine & Public Health.
|
| 650 |
2 |
4 |
|a Pediatrics.
|
| 650 |
2 |
4 |
|a Human Genetics.
|
| 650 |
2 |
4 |
|a Endocrinology.
|
| 650 |
2 |
4 |
|a Clinical Psychology.
|
| 700 |
1 |
|
|a Butler, Merlin G.
|e editor.
|
| 700 |
1 |
|
|a Lee, Phillip D. K.
|e editor.
|
| 700 |
1 |
|
|a Whitman, Barbara Y.
|e editor.
|
| 710 |
2 |
|
|a SpringerLink (Online service)
|
| 773 |
0 |
|
|t Springer eBooks
|
| 776 |
0 |
8 |
|i Printed edition:
|z 9780387253978
|
| 856 |
4 |
0 |
|u http://dx.doi.org/10.1007/978-0-387-33536-0
|z Full Text via HEAL-Link
|
| 912 |
|
|
|a ZDB-2-SME
|
| 950 |
|
|
|a Medicine (Springer-11650)
|